Contextualized measures of public service motivation: the case of Spain (Record no. 114271)

000 -LEADER
fixed length control field 01217pab a2200217 454500
008 - FIXED-LENGTH DATA ELEMENTS--GENERAL INFORMATION
fixed length control field 180718b2017 xxu||||| |||| 00| 0 eng d
100 ## - MAIN ENTRY--PERSONAL NAME
Personal name Ballart, Xavier
245 ## - TITLE STATEMENT
Title Contextualized measures of public service motivation: the case of Spain
260 ## - PUBLICATION, DISTRIBUTION, ETC.
Date of publication, distribution, etc. 2017
300 ## - PHYSICAL DESCRIPTION
Extent p.43-62.
362 ## - DATES OF PUBLICATION AND/OR SEQUENTIAL DESIGNATION
Dates of publication and/or sequential designation Mar
520 ## - SUMMARY, ETC.
Summary, etc. Since the initial 'public service motivation' concept and measures were developed, various studies have raised concerns with regard to cultural differences. According to previous research trying to supplement the four original dimensions of the original construct with a fifth dimension, this study follows this same strategy, taking into account three aspects of the Napoleonic administrative tradition. The analysis captures one new dimension with political loyalty values, which slightly improves the measurement of public service motivation in that specific context. - Reproduced.
650 ## - SUBJECT ADDED ENTRY--TOPICAL TERM
Topical term or geographic name entry element Human resources development - Spain
650 ## - SUBJECT ADDED ENTRY--TOPICAL TERM
Topical term or geographic name entry element Public administration - Spain
650 ## - SUBJECT ADDED ENTRY--TOPICAL TERM
Topical term or geographic name entry element Civil service - Spain
650 ## - SUBJECT ADDED ENTRY--TOPICAL TERM
Topical term or geographic name entry element Motivation - Spain
650 ## - SUBJECT ADDED ENTRY--TOPICAL TERM
Topical term or geographic name entry element Motivation
700 ## - ADDED ENTRY--PERSONAL NAME
Personal name Riba, Clara
773 ## - HOST ITEM ENTRY
Main entry heading International Review of Administrative Sciences
909 ## -
-- 114277
Holdings
Withdrawn status Lost status Damaged status Not for loan Permanent Location Current Location Date acquired Serial Enumeration / chronology Barcode Date last seen Price effective from Koha item type
        Indian Institute of Public Administration Indian Institute of Public Administration 2018-07-19 Volume no: 83, Issue no: 1 AR114737 2018-07-19 2018-07-19 Articles

Powered by Koha